Gares par habitant par département - Statistiques

Statistiques générales
  • Ce quiz a été pris 50 fois
  • Le résultat moyen est 13 sur 21
Statistiques - réponses
Département Gares /100k habitants % Correct
Creuse 10,4
78%
Lozère 27,4
71%
Corrèze 9,2
69%
Indre 9,2
69%
Cantal 9,7
67%
Jura 8,1
67%
Territoire de Belfort 7,9
67%
Ardennes 9,3
64%
Aisne 8,3
62%
Lot 8,6
62%
Haute-Vienne 9,4
58%
Nièvre 11,9
58%
Yonne 8,4
58%
Alpes-de-Haute-Provence 18
56%
Haute-Corse 31,9
56%
Oise 8,3
56%
Haute-Marne 9,3
53%
Haute-Loire 7,9
49%
Loir-et-Cher 9,7
47%
Pyrénées-Atlantiques 8,2
47%
Dordogne 8,2
44%
Aucun quiz correspondant
Distribution des résultats
% des personnes avec chaque résultat
Percentile par nombre de réponses
Votre historique - résultats
Vous n’avez pas pris ce quiz